[Event "2. Bundesliga Ost 2017/2018"]
[Site "alle Wien"]
[Date "2018.01.13"]
[Round "6"]
[Board "1"]
[White "Jankovic, Alojzije"]
[Black "Pinter, Erik"]
[Result "1-0"]
[WhiteElo "2568"]
[BlackElo "2362"]
[PlyCount "65"]
[EventDate "2017.10.21"]
[EventType "team"]
[EventRounds "11"]
[EventCountry "AUT"]
[WhiteTeam "SK Advisory Invest Baden"]
[BlackTeam "Blackburne Nickelsdorf"]

1. d4 Nf6 2. Nf3 g6 3. g3 Bg7 4. Bg2 O-O 5. O-O d5 6. Bf4 c5 7. c3 Qb6 8. Qb3
Qxb3 9. axb3 cxd4 10. Nxd4 Nc6 11. Nxc6 bxc6 12. Nd2 Ng4 13. Bc7 Bb7 14. Ra4
Rfc8 15. Ba5 f5 16. Bb4 c5 17. Ba3 e6 18. b4 c4 19. b5 a6 20. b6 Ne5 21. Bd6
Nc6 22. Rc1 Be5 23. Nxc4 Bf6 24. Ne3 Bd8 25. c4 d4 26. Nc2 Bxb6 27. c5 Bc7 28.
Nxd4 Nxd4 29. Rxd4 Bxg2 30. Kxg2 Rab8 31. c6 Kf7 32. Ba3 Rd8 33. Rd7+  1-0

[Event "2. Bundesliga Ost 2017/2018"]
[Site "alle Wien"]
[Date "2018.01.13"]
[Round "6"]
[Board "2"]
[White "Schwarhofer, Christopher"]
[Black "Sharashenidze, Akaki"]
[Result "1-0"]
[WhiteElo "2370"]
[BlackElo "2351"]
[PlyCount "65"]
[EventDate "2017.10.21"]
[EventType "team"]
[EventRounds "11"]
[EventCountry "AUT"]
[WhiteTeam "Blackburne Nickelsdorf"]
[BlackTeam "SK Advisory Invest Baden"]

1. e4 d6 2. d4 Nf6 3. Nc3 e5 4. Nf3 Nbd7 5. h3 Be7 6. Bc4 O-O 7. g4 exd4 8.
Nxd4 Nb6 9. Bd3 d5 10. e5 Nfd7 11. Bf4 Re8 12. O-O Bg5 13. Bxg5 Qxg5 14. f4 Qd8
15. Qf3 Nc5 16. Rae1 Nxd3 17. cxd3 a6 18. b4 Qe7 19. Nc2 c6 20. f5 Qg5 21. e6
h5 22. Re2 Qf6 23. exf7+ Kxf7 24. Rxe8 Kxe8 25. Qe3+ Kf7 26. Qxb6 Qxc3 27. Qc7+
Kg8 28. f6 gxf6 29. Qd8+ Kg7 30. Qe7+ Kg6 31. gxh5+ Kxh5 32. Qh7+ Kg5 33. h4+
 1-0

[Event "2. Bundesliga Ost 2017/2018"]
[Site "alle Wien"]
[Date "2018.01.13"]
[Round "6"]
[Board "3"]
[White "Ly, Dominik"]
[Black "Vlcek, Stanislav"]
[Result "1/2-1/2"]
[WhiteElo "2286"]
[BlackElo "2258"]
[PlyCount "110"]
[EventDate "2017.10.21"]
[EventType "team"]
[EventRounds "11"]
[EventCountry "AUT"]
[WhiteTeam "SK Advisory Invest Baden"]
[BlackTeam "Blackburne Nickelsdorf"]

1. e4 c5 2. Nf3 d6 3. d4 cxd4 4. Nxd4 Nf6 5. Nc3 a6 6. Bg5 Nbd7 7. Qe2 e6 8. f4
Qc7 9. O-O-O Be7 10. g4 b5 11. a3 Bb7 12. Bg2 Rc8 13. Bxf6 Nxf6 14. g5 Nd7 15.
h4 Qc4 16. Qf2 b4 17. axb4 Qxb4 18. h5 Rxc3 19. bxc3 Qxc3 20. Nb3 O-O 21. Qe1
Qc7 22. Qa5 Nb6 23. Rhe1 Rc8 24. Re2 Qc4 25. Qxb6 Qxe2 26. Rd2 Qe1+ 27. Kb2
Bxe4 28. Qxa6 Ra8 29. Qe2 Qxe2 30. Rxe2 Bxg2 31. Rxg2 Ra4 32. Rf2 d5 33. c3 g6
34. hxg6 hxg6 35. Rf3 Re4 36. Nd2 Re2 37. Kc2 Bc5 38. Kd3 Re1 39. c4 Bb4 40.
Nb3 e5 41. fxe5 dxc4+ 42. Kxc4 Be7 43. Kd5 Bxg5 44. Nc5 Be7 45. Nd3 Re2 46. Nf4
Rd2+ 47. Ke4 Kg7 48. Rb3 Bg5 49. Rb7 Rf2 50. Nh3 Re2+ 51. Kd4 Bc1 52. Kd5 Bb2
53. e6 Re5+ 54. Kc4 Rxe6 55. Rxb2 f5  1/2-1/2

[Event "2. Bundesliga Ost 2017/2018"]
[Site "alle Wien"]
[Date "2018.01.13"]
[Round "6"]
[Board "4"]
[White "Gutsch, Franz"]
[Black "Dzierzenga, Stefan"]
[Result "1/2-1/2"]
[WhiteElo "2078"]
[BlackElo "2191"]
[PlyCount "48"]
[EventDate "2017.10.21"]
[EventType "team"]
[EventRounds "11"]
[EventCountry "AUT"]
[WhiteTeam "Blackburne Nickelsdorf"]
[BlackTeam "SK Advisory Invest Baden"]

1. d4 Nf6 2. Nf3 c5 3. c3 e6 4. g3 d5 5. Bg2 Nc6 6. O-O Bd6 7. dxc5 Bxc5 8.
Nbd2 O-O 9. Qc2 Bd7 10. Nb3 Be7 11. Nbd4 Rc8 12. Nxc6 Bxc6 13. Be3 Qc7 14. Bf4
Bd6 15. Bxd6 Qxd6 16. Rad1 Qc7 17. Nd4 Qa5 18. Nxc6 Rxc6 19. a3 Qb6 20. e3 Rfc8
21. Qe2 Qb3 22. Rd2 h6 23. Rfd1 Rc4 24. Rd4 a6  1/2-1/2

[Event "2. Bundesliga Ost 2017/2018"]
[Site "alle Wien"]
[Date "2018.01.13"]
[Round "6"]
[Board "5"]
[White "Hofegger, Jakob"]
[Black "Kuntner, Reinhard"]
[Result "1/2-1/2"]
[WhiteElo "2117"]
[BlackElo "2055"]
[PlyCount "75"]
[EventDate "2017.10.21"]
[EventType "team"]
[EventRounds "11"]
[EventCountry "AUT"]
[WhiteTeam "SK Advisory Invest Baden"]
[BlackTeam "Blackburne Nickelsdorf"]

1. Nf3 d5 2. g3 Nf6 3. Bg2 c5 4. O-O Nc6 5. d3 e6 6. Nbd2 Be7 7. e4 O-O 8. Re1
Qc7 9. c3 b6 10. Qe2 Ba6 11. e5 Nd7 12. Nf1 Rfe8 13. Bf4 Nf8 14. h4 Ng6 15. Bd2
f6 16. exf6 Bxf6 17. h5 Nf8 18. Ne3 Rad8 19. Ng4 e5 20. Nxf6+ gxf6 21. Nh4 Bc8
22. Qf3 Qf7 23. Nf5 Bxf5 24. Qxf5 Qe6 25. Bh3 Qxf5 26. Bxf5 Ne6 27. Rad1 Ng5
28. Kg2 Nf7 29. a3 Nd6 30. Bh3 c4 31. Bc1 d4 32. Kf1 cxd3 33. cxd4 e4 34. Bf4
Nxd4 35. Bxd6 Rxd6 36. Rxd3 exd3 37. Rxe8+ Kf7 38. Re1  1/2-1/2

[Event "2. Bundesliga Ost 2017/2018"]
[Site "alle Wien"]
[Date "2018.01.13"]
[Round "6"]
[Board "6"]
[White "Bachofner, Christian"]
[Black "Trippold, Denise"]
[Result "0-1"]
[WhiteElo "1991"]
[BlackElo "2069"]
[PlyCount "68"]
[EventDate "2017.10.21"]
[EventType "team"]
[EventRounds "11"]
[EventCountry "AUT"]
[WhiteTeam "Blackburne Nickelsdorf"]
[BlackTeam "SK Advisory Invest Baden"]

1. e4 c5 2. Nf3 e6 3. Nc3 Nc6 4. d4 cxd4 5. Nxd4 Qc7 6. Be2 a6 7. O-O Nf6 8.
Be3 Bb4 9. f3 d5 10. exd5 exd5 11. Nxc6 bxc6 12. Bd4 Bd6 13. h3 Nh5 14. Bf2
Bh2+ 15. Kh1 Ng3+ 16. Bxg3 Bxg3 17. Bd3 O-O 18. Ne2 Bd6 19. Qd2 Rb8 20. c3 c5
21. b3 Re8 22. Rad1 Re6 23. f4 Be7 24. f5 Rh6 25. Nf4 Bb7 26. Be2 Rd8 27. Qe3
Bg5 28. Qg3 Bf6 29. Bg4 Be5 30. Qe3 d4 31. cxd4 cxd4 32. Qd2 Rc6 33. Nh5 Rc2
34. Qg5 Bxg2+  0-1

[Event "2. Bundesliga Ost 2017/2018"]
[Site "alle Wien"]
[Date "2018.01.13"]
[Round "6"]
[Board "1"]
[White "Horvath, Dominik"]
[Black "Stanec, Nikolaus"]
[Result "1/2-1/2"]
[WhiteElo "2369"]
[BlackElo "2470"]
[PlyCount "56"]
[EventDate "2017.10.21"]
[EventType "team"]
[EventRounds "11"]
[EventCountry "AUT"]
[WhiteTeam "ASVOE Pamhagen 2"]
[BlackTeam "SC Donaustadt"]

1. Nf3 Nf6 2. c4 d6 3. d4 g6 4. Nc3 Bg7 5. e4 O-O 6. Be2 Bg4 7. Be3 Nbd7 8. h3
Bxf3 9. gxf3 e5 10. d5 Nh5 11. Qd2 a6 12. h4 Qe7 13. O-O-O Rfe8 14. Rdg1 c5 15.
Bf1 Ndf6 16. Ne2 b5 17. Ng3 bxc4 18. Bxc4 Qb7 19. Bg5 Qb4 20. b3 Kf8 21. Kc2
Qa3 22. Ra1 Nf4 23. Qc1 Qa5 24. Qd2 Qxd2+ 25. Kxd2 h5 26. Ne2 Nxe2 27. Kxe2 Nd7
28. a4 Bf6  1/2-1/2

[Event "2. Bundesliga Ost 2017/2018"]
[Site "alle Wien"]
[Date "2018.01.13"]
[Round "6"]
[Board "2"]
[White "Kummer, Helmut"]
[Black "Lipka, Juraj"]
[Result "0-1"]
[WhiteElo "2285"]
[BlackElo "2416"]
[PlyCount "80"]
[EventDate "2017.10.21"]
[EventType "team"]
[EventRounds "11"]
[EventCountry "AUT"]
[WhiteTeam "SC Donaustadt"]
[BlackTeam "ASVOE Pamhagen 2"]

1. d4 d5 2. c4 c6 3. Nf3 Nf6 4. e3 Bg4 5. Nc3 e6 6. h3 Bh5 7. Qb3 Qb6 8. Bd2
Nbd7 9. cxd5 exd5 10. Ne5 Qxb3 11. axb3 Nxe5 12. dxe5 Nd7 13. f4 Bg6 14. Ne2
Be7 15. Nd4 Be4 16. b4 O-O 17. Bc3 Rfe8 18. Rg1 a6 19. g3 c5 20. bxc5 Bxc5 21.
Bg2 Bxg2 22. Rxg2 f6 23. e6 Bxd4 24. Bxd4 Rxe6 25. Ra5 Rd6 26. Rc2 Rc6 27. Kd2
Rxc2+ 28. Kxc2 b5 29. Kb3 Nb8 30. Ra1 Nc6 31. Rc1 Rc8 32. Rc5 Nxd4+ 33. exd4
Rxc5 34. dxc5 Kf7 35. f5 g6 36. Kc3 gxf5 37. Kd4 Ke6 38. b4 h6 39. h4 h5 40. c6
Kd6  0-1

[Event "2. Bundesliga Ost 2017/2018"]
[Site "alle Wien"]
[Date "2018.01.13"]
[Round "6"]
[Board "3"]
[White "Vitouch, Anatol"]
[Black "Exler, Veronika"]
[Result "1-0"]
[WhiteElo "2330"]
[BlackElo "2175"]
[PlyCount "99"]
[EventDate "2017.10.21"]
[EventType "team"]
[EventRounds "11"]
[EventCountry "AUT"]
[WhiteTeam "ASVOE Pamhagen 2"]
[BlackTeam "SC Donaustadt"]

1. c4 e6 2. g3 d5 3. Bg2 Nf6 4. Nf3 d4 5. O-O c5 6. b4 cxb4 7. a3 Nc6 8. d3
bxa3 9. Nbd2 Be7 10. Bxa3 Bxa3 11. Rxa3 O-O 12. Qa1 e5 13. Rb1 Re8 14. Ng5 Qe7
15. Nge4 Nxe4 16. Nxe4 f5 17. Nd2 h5 18. Rab3 h4 19. Qa3 hxg3 20. hxg3 Qxa3 21.
Rxa3 Re7 22. Nb3 Rc7 23. f4 exf4 24. gxf4 Kf7 25. Bxc6 bxc6 26. Nxd4 c5 27. Nf3
Bb7 28. Ne5+ Kf6 29. Rb5 g5 30. Rxc5 Rg7 31. fxg5+ Rxg5+ 32. Kf2 Rg2+ 33. Ke3
Re8 34. Raa5 f4+ 35. Kxf4 Rxe2 36. Ng4+ Ke6 37. Re5+ Rxe5 38. Rxe5+ Kf7 39.
Nh6+ Kf8 40. Rf5+ Kg7 41. Rf7+ Kxh6 42. Rxb7 Ra8 43. c5 a5 44. c6 a4 45. c7 a3
46. Rb8 Ra4+ 47. Ke5 a2 48. Rh8+ Kg6 49. Rh1 Ra5+ 50. Kd6  1-0

[Event "2. Bundesliga Ost 2017/2018"]
[Site "alle Wien"]
[Date "2018.01.13"]
[Round "6"]
[Board "4"]
[White "Schwab, Lukas"]
[Black "Rubil, Marko"]
[Result "0-1"]
[WhiteElo "2196"]
[BlackElo "2252"]
[PlyCount "82"]
[EventDate "2017.10.21"]
[EventType "team"]
[EventRounds "11"]
[EventCountry "AUT"]
[WhiteTeam "SC Donaustadt"]
[BlackTeam "ASVOE Pamhagen 2"]

1. e4 e5 2. Nf3 Nc6 3. Bb5 a6 4. Ba4 Nf6 5. O-O Be7 6. Re1 b5 7. Bb3 d6 8. c3
O-O 9. h3 Na5 10. Bc2 c5 11. d4 Qc7 12. Nbd2 Nc6 13. d5 Nd8 14. Nf1 Ne8 15. a4
Rb8 16. axb5 axb5 17. Ng3 g6 18. Nh2 f6 19. Rf1 Ng7 20. f4 exf4 21. Bxf4 Nf7
22. Ng4 Ne5 23. Nh6+ Kh8 24. Bxe5 dxe5 25. Ng4 Ne8 26. Kh1 c4 27. Qe2 Bc5 28.
Bd1 h5 29. Ne3 h4 30. Ngf5 gxf5 31. Nxf5 Qh7 32. b3 Bxf5 33. exf5 Nd6 34. Qf3
Rg8 35. bxc4 Nxc4 36. Qh5 Ne3 37. Qxh7+ Kxh7 38. Rf3 Nxg2 39. Ra6 Nf4 40. Bb3
Rg1+ 41. Kh2 Rbg8  0-1

[Event "2. Bundesliga Ost 2017/2018"]
[Site "alle Wien"]
[Date "2018.01.13"]
[Round "6"]
[Board "5"]
[White "Alvir, Aco"]
[Black "Sandhu, Mario"]
[Result "1-0"]
[WhiteElo "2337"]
[BlackElo "2282"]
[PlyCount "71"]
[EventDate "2017.10.21"]
[EventType "team"]
[EventRounds "11"]
[EventCountry "AUT"]
[WhiteTeam "ASVOE Pamhagen 2"]
[BlackTeam "SC Donaustadt"]

1. e4 c6 2. d4 d5 3. Nc3 dxe4 4. Nxe4 Nf6 5. Nxf6+ gxf6 6. c3 Bf5 7. Nf3 Qc7 8.
g3 Nd7 9. Bg2 Bg7 10. O-O O-O 11. Nh4 Bg6 12. c4 Rad8 13. Be3 c5 14. d5 Nb6 15.
Qb3 Nc8 16. Rfe1 Nd6 17. Bh3 a6 18. Rac1 b5 19. cxb5 c4 20. b6 Qb7 21. Qa4 Qxd5
22. Nxg6 hxg6 23. Bg2 Qb5 24. b3 f5 25. Qxb5 axb5 26. Bg5 f6 27. Be3 cxb3 28.
Bd5+ Kh7 29. Bxb3 Rc8 30. Be6 Rxc1 31. Rxc1 Rb8 32. Rc7 Bf8 33. Bc5 Ne4 34. Bd4
Ng5 35. Bd5 Kh6 36. b7  1-0

[Event "2. Bundesliga Ost 2017/2018"]
[Site "alle Wien"]
[Date "2018.01.13"]
[Round "6"]
[Board "6"]
[White "Froewis, Annika"]
[Black "Kuthan, Andreas"]
[Result "1/2-1/2"]
[WhiteElo "2084"]
[BlackElo "2199"]
[PlyCount "55"]
[EventDate "2017.10.21"]
[EventType "team"]
[EventRounds "11"]
[EventCountry "AUT"]
[WhiteTeam "SC Donaustadt"]
[BlackTeam "ASVOE Pamhagen 2"]

1. e4 e6 2. d4 d5 3. Nc3 Bb4 4. e5 Ne7 5. a3 Bxc3+ 6. bxc3 c5 7. Qg4 O-O 8. Bd3
Nbc6 9. Qh5 Ng6 10. Nf3 Qc7 11. Ng5 h6 12. Nxf7 Qxf7 13. Qxg6 Qxg6 14. Bxg6
cxd4 15. cxd4 Nxd4 16. Be3 Nc6 17. Bc5 Rf4 18. g3 Rg4 19. Bd3 Nxe5 20. f4 Nxd3+
21. cxd3 g5 22. Bd6 Bd7 23. Rc1 gxf4 24. Bxf4 h5 25. Rc7 Bc6 26. d4 Rg7 27.
Rxg7+ Kxg7 28. Rf1  1/2-1/2

[Event "2. Bundesliga Ost 2017/2018"]
[Site "alle Wien"]
[Date "2018.01.13"]
[Round "6"]
[Board "1"]
[White "Juhasz, Armin"]
[Black "Penz, Harald"]
[Result "1/2-1/2"]
[WhiteElo "2363"]
[BlackElo "2311"]
[PlyCount "49"]
[EventDate "2017.10.21"]
[EventType "team"]
[EventRounds "11"]
[EventCountry "AUT"]
[WhiteTeam "SK Sparkasse Bad Voeslau"]
[BlackTeam "SK Hietzing"]

1. Nf3 d5 2. g3 Nf6 3. Bg2 e6 4. d4 Be7 5. c4 O-O 6. Nc3 c6 7. O-O b6 8. Ne5
Bb7 9. e4 dxc4 10. Nxc4 Ba6 11. b3 b5 12. Ne5 b4 13. Ne2 Bxe2 14. Qxe2 Qxd4 15.
Bb2 Qb6 16. Rfd1 a5 17. Bd4 Qb7 18. Qc4 Rc8 19. Rac1 Nfd7 20. Nxd7 Nxd7 21. e5
Ra6 22. Bf1 Raa8 23. Bg2 Ra6 24. Bf1 Raa8 25. Bg2  1/2-1/2

[Event "2. Bundesliga Ost 2017/2018"]
[Site "alle Wien"]
[Date "2018.01.13"]
[Round "6"]
[Board "2"]
[White "Djeno, Drago"]
[Black "Juhasz, Kristof"]
[Result "0-1"]
[WhiteElo "2238"]
[BlackElo "2404"]
[PlyCount "66"]
[EventDate "2017.10.21"]
[EventType "team"]
[EventRounds "11"]
[EventCountry "AUT"]
[WhiteTeam "SK Hietzing"]
[BlackTeam "SK Sparkasse Bad Voeslau"]

1. c4 e6 2. Nf3 Nf6 3. g3 d5 4. Bg2 dxc4 5. Qa4+ c6 6. Qxc4 b5 7. Qc2 Bb7 8.
O-O Nbd7 9. a4 Rc8 10. Ng5 Be7 11. d4 Nd5 12. h4 c5 13. axb5 cxd4 14. Qd1 Qb6
15. Ra4 O-O 16. Qxd4 Nc5 17. Ra3 h6 18. Nf3 Qxb5 19. b4 Bf6 20. Qg4 Nxb4 21.
Bxh6 Nd5 22. Bg5 Qxe2 23. Nc3 Bxc3 24. Rxc3 f5 25. Qc4 Nxc3 26. Qxc3 Nd3 27.
Qb3 Bxf3 28. Bxf3 Qxf3 29. Qxe6+ Kh7 30. h5 Qc6 31. Qe3 Qe4 32. Qxa7 Ne5 33. h6
Rf7  0-1

[Event "2. Bundesliga Ost 2017/2018"]
[Site "alle Wien"]
[Date "2018.01.13"]
[Round "6"]
[Board "3"]
[White "Plachetka, Jan"]
[Black "Belke, Frank"]
[Result "1/2-1/2"]
[WhiteElo "2314"]
[BlackElo "2299"]
[PlyCount "104"]
[EventDate "2017.10.21"]
[EventType "team"]
[EventRounds "11"]
[EventCountry "AUT"]
[WhiteTeam "SK Sparkasse Bad Voeslau"]
[BlackTeam "SK Hietzing"]

1. e4 e6 2. d4 d5 3. Nd2 Nf6 4. Bd3 c5 5. e5 Nfd7 6. c3 Nc6 7. Ngf3 cxd4 8.
cxd4 f6 9. O-O fxe5 10. dxe5 g6 11. Re1 Bg7 12. Bb5 O-O 13. Bxc6 bxc6 14. Nb3
c5 15. Ng5 Qb6 16. f4 a5 17. a4 Bb7 18. Ra3 Rfd8 19. h4 h6 20. Nf3 Nf8 21. h5
gxh5 22. Nh4 Rd7 23. Kh2 Rc8 24. Bd2 c4 25. Nxa5 Ba8 26. Rg3 d4 27. f5 exf5 28.
Nxf5 h4 29. Rg4 Kh8 30. Nxg7 Rxg7 31. Rxg7 Kxg7 32. e6 Qd6+ 33. Kg1 Qg3 34.
Bxh6+ Kxh6 35. Qd2+ Kh7 36. e7 Re8 37. exf8=N+ Rxf8 38. Re6 Kg8 39. Nc6 Bxc6
40. Rxc6 Re8 41. Rf6 h3 42. Rf2 d3 43. a5 Re7 44. a6 Kh7 45. Qb4 Qe3 46. Qd2
Qxd2 47. Rxd2 Re1+ 48. Kh2 Ra1 49. Kxh3 Rxa6 50. b3 cxb3 51. Rxd3 Rb6 52. Rd1
Kg6  1/2-1/2

[Event "2. Bundesliga Ost 2017/2018"]
[Site "alle Wien"]
[Date "2018.01.13"]
[Round "6"]
[Board "4"]
[White "Todor, Razvan"]
[Black "Wilke, Werner"]
[Result "1/2-1/2"]
[WhiteElo "2144"]
[BlackElo "2248"]
[PlyCount "110"]
[EventDate "2017.10.21"]
[EventType "team"]
[EventRounds "11"]
[EventCountry "AUT"]
[WhiteTeam "SK Hietzing"]
[BlackTeam "SK Sparkasse Bad Voeslau"]

1. e4 c5 2. Nf3 d6 3. Bb5+ Nc6 4. O-O Bg4 5. h3 Bh5 6. Re1 e5 7. c3 Qb6 8. Na3
a6 9. Be2 Be7 10. Nc4 Qc7 11. Ne3 Nf6 12. Nd5 Nxd5 13. exd5 Nb8 14. d4 Bxf3 15.
Bxf3 O-O 16. dxe5 dxe5 17. d6 Bxd6 18. Bxb7 Ra7 19. Bd5 Nd7 20. Be3 Nf6 21. Bc4
Rd8 22. Qe2 Qb6 23. Rad1 a5 24. Bg5 Bb8 25. Bb5 Rb7 26. a4 h6 27. Rxd8+ Qxd8
28. Rd1 Qe7 29. Bh4 Rb6 30. Rd7 Qe6 31. Rd8+ Kh7 32. Bc4 Qe7 33. Bd3+ g6 34.
Rc8 Qb7 35. Rxc5 Rxb2 36. Rb5 Rxb5 37. Bxb5 Nd5 38. Qf3 f5 39. c4 e4 40. Qd1
Nc3 41. Qd8 g5 42. Bg3 f4 43. Bh2 Nxb5 44. cxb5 Qc7 45. Qd1 Qd6 46. Qb3 Qc7 47.
Kh1 Ba7 48. Bg1 Qe7 49. b6 Bb8 50. Qd5 Qe5 51. Qf7+ Kh8 52. Qg6 e3 53. Qxh6+
Kg8 54. Qg6+ Kf8 55. Qh6+ Kg8  1/2-1/2

[Event "2. Bundesliga Ost 2017/2018"]
[Site "alle Wien"]
[Date "2018.01.13"]
[Round "6"]
[Board "5"]
[White "Miazhynski, Yuri"]
[Black "Wagner, Stefan"]
[Result "1/2-1/2"]
[WhiteElo "2156"]
[BlackElo "2132"]
[PlyCount "43"]
[EventDate "2017.10.21"]
[EventType "team"]
[EventRounds "11"]
[EventCountry "AUT"]
[WhiteTeam "SK Sparkasse Bad Voeslau"]
[BlackTeam "SK Hietzing"]

1. Nf3 c5 2. c4 g6 3. g3 Bg7 4. Bg2 Nc6 5. O-O a6 6. Nc3 Rb8 7. a4 e5 8. Ne1
Nge7 9. Nc2 O-O 10. Rb1 a5 11. Ne3 d6 12. Ned5 Nxd5 13. Nxd5 Ne7 14. Nxe7+ Qxe7
15. d3 Be6 16. Bd2 b6 17. Bc3 Qd7 18. e4 f5 19. b3 f4 20. f3 g5 21. g4 h5 22.
h3  1/2-1/2

[Event "2. Bundesliga Ost 2017/2018"]
[Site "alle Wien"]
[Date "2018.01.13"]
[Round "6"]
[Board "6"]
[White "Stadler, Peter"]
[Black "Haas, Bernhard"]
[Result "1-0"]
[WhiteElo "2035"]
[BlackElo "2016"]
[PlyCount "115"]
[EventDate "2017.10.21"]
[EventType "team"]
[EventRounds "11"]
[EventCountry "AUT"]
[WhiteTeam "SK Hietzing"]
[BlackTeam "SK Sparkasse Bad Voeslau"]

1. Nf3 Nf6 2. d4 g6 3. g3 Bg7 4. Bg2 O-O 5. O-O d6 6. c4 Nbd7 7. Nc3 e5 8. h3
c6 9. e4 Qb6 10. c5 dxc5 11. dxe5 Ne8 12. Bg5 Nxe5 13. Nxe5 Bxe5 14. Na4 Qc7
15. Nxc5 Bxb2 16. Bd8 Qd6 17. Qxd6 Nxd6 18. Rab1 Ba3 19. Be7 Bxc5 20. Bxf8 Kxf8
21. Rfd1 Ke7 22. a4 a6 23. Kf1 Rb8 24. e5 Nc4 25. Bxc6 Bxh3+ 26. Kg1 Nxe5 27.
Rxb7+ Rxb7 28. Bxb7 a5 29. Bg2 Bxg2 30. Kxg2 Ke6 31. f4 Nc4 32. Kf3 h5 33. Rd3
g5 34. Rd1 g4+ 35. Ke2 Nb2 36. Rh1 Nxa4 37. Rxh5 f5 38. Kd3 Bb4 39. Kd4 Bc3+
40. Kc4 Be1 41. Rh6+ Kf7 42. Ra6 Nb2+ 43. Kd4 a4 44. Ke5 Nc4+ 45. Kxf5 a3 46.
Ra7+ Ke8 47. Ra4 Bc3 48. Ke6 Kf8 49. f5 Kg7 50. Ra7+ Kh6 51. f6 Ne5 52. Rxa3
Bd4 53. Ra4 Bb2 54. Re4 Ng6 55. Rxg4 Kh5 56. Kf5 Be5 57. Rxg6 Bxf6 58. g4+  1-0

[Event "2. Bundesliga Ost 2017/2018"]
[Site "alle Wien"]
[Date "2018.01.13"]
[Round "6"]
[Board "1"]
[White "Mazur, Stefan"]
[Black "Neubauer, Martin"]
[Result "1/2-1/2"]
[WhiteElo "2444"]
[BlackElo "2439"]
[PlyCount "47"]
[EventDate "2017.10.21"]
[EventType "team"]
[EventRounds "11"]
[EventCountry "AUT"]
[WhiteTeam "SK Austria"]
[BlackTeam "L.A. Kraftanlage Ottakring 2"]

1. e4 e5 2. Nf3 Nf6 3. Nxe5 d6 4. Nf3 Nxe4 5. d4 d5 6. Bd3 Nc6 7. O-O Be7 8.
Nc3 Bf5 9. Re1 Nxc3 10. bxc3 Bxd3 11. Qxd3 O-O 12. Rb1 Rb8 13. c4 dxc4 14. Qxc4
Bf6 15. d5 Ne7 16. Ba3 Re8 17. Rbd1 Qd7 18. Qb3 b6 19. Nd2 Nf5 20. Ne4 Be5 21.
g3 Nd6 22. Bxd6 Bxd6 23. c4 h6 24. a4  1/2-1/2

[Event "2. Bundesliga Ost 2017/2018"]
[Site "alle Wien"]
[Date "2018.01.13"]
[Round "6"]
[Board "3"]
[White "Sardy, Peter"]
[Black "Steiner, Adam"]
[Result "1-0"]
[WhiteElo "2358"]
[BlackElo "2179"]
[PlyCount "51"]
[EventDate "2017.10.21"]
[EventType "team"]
[EventRounds "11"]
[EventCountry "AUT"]
[WhiteTeam "SK Austria"]
[BlackTeam "L.A. Kraftanlage Ottakring 2"]

1. e4 c6 2. Nc3 d5 3. Nf3 Nf6 4. e5 Ne4 5. Be2 Bg4 6. Nxe4 dxe4 7. Ng5 Bf5 8.
e6 Qd5 9. c4 Qd4 10. Qb3 b6 11. exf7+ Kd7 12. d3 e3 13. Bxe3 Qf6 14. O-O h6 15.
Nf3 Kc7 16. a4 Qxf7 17. a5 b5 18. Nd4 b4 19. Bf4+ Kc8 20. Bxb8 Rxb8 21. Nxc6
Rb7 22. Bf3 Qf6 23. Nxb4 Rb8 24. a6 Rb6 25. Bb7+ Kd8 26. c5  1-0

[Event "2. Bundesliga Ost 2017/2018"]
[Site "alle Wien"]
[Date "2018.01.13"]
[Round "6"]
[Board "4"]
[White "Steindl, Johannes"]
[Black "Nagy, Bence"]
[Result "1-0"]
[WhiteElo "2236"]
[BlackElo "2343"]
[PlyCount "57"]
[EventDate "2017.10.21"]
[EventType "team"]
[EventRounds "11"]
[EventCountry "AUT"]
[WhiteTeam "L.A. Kraftanlage Ottakring 2"]
[BlackTeam "SK Austria"]

1. e4 c5 2. Nf3 d6 3. d4 cxd4 4. Nxd4 Nf6 5. Nc3 a6 6. Bg5 Nbd7 7. Qe2 e5 8.
Nf5 h6 9. Bh4 g6 10. Ne3 Be7 11. O-O-O b5 12. Bg3 Qa5 13. Kb1 Nb6 14. f4 Be6
15. fxe5 Nxe4 16. Ncd5 b4 17. Nc7+ Kd7 18. Nxe6 fxe6 19. Qf3 Rab8 20. Qxe4 Na4
21. Bc4 Nc3+ 22. bxc3 bxc3+ 23. Bb3 Rb4 24. Rd4 Qa3 25. Nd1 Bg5 26. Nxc3 Rhb8
27. Rxd6+ Ke7 28. Rxe6+ Kf8 29. Rf1+  1-0

[Event "2. Bundesliga Ost 2017/2018"]
[Site "alle Wien"]
[Date "2018.01.13"]
[Round "6"]
[Board "5"]
[White "Druckenthaner, Andreas"]
[Black "Bauer, Thomas"]
[Result "1-0"]
[WhiteElo "2277"]
[BlackElo "2168"]
[PlyCount "83"]
[EventDate "2017.10.21"]
[EventType "team"]
[EventRounds "11"]
[EventCountry "AUT"]
[WhiteTeam "SK Austria"]
[BlackTeam "L.A. Kraftanlage Ottakring 2"]

1. e4 e5 2. Nf3 Nc6 3. Nc3 Nf6 4. a3 d5 5. exd5 Nxd5 6. Bb5 Nxc3 7. bxc3 Bd6 8.
d4 exd4 9. Qe2+ Qe7 10. Qxe7+ Kxe7 11. cxd4 Bd7 12. O-O Rhe8 13. c4 Kf8 14. c5
Be7 15. Bf4 Rac8 16. Rab1 Bf6 17. d5 Ne5 18. Bxd7 Nxd7 19. Rxb7 Nxc5 20. Rxc7
Ne4 21. Rfc1 Rcd8 22. g3 g5 23. Be3 Rxd5 24. Rxa7 g4 25. Nh4 Nc3 26. Kg2 h5 27.
Ra6 Bg7 28. Bh6 Bxh6 29. Rxh6 Kg7 30. Rd6 Ne2 31. Rxd5 Nxc1 32. Rxh5 Nd3 33.
Rg5+ Kf6 34. Rxg4 Re2 35. Rd4 Rd2 36. Rd6+ Ke7 37. Nf5+ Ke8 38. g4 Nf4+ 39. Kf3
Ra2 40. Kxf4 Rxf2+ 41. Kg3 Ra2 42. Ra6  1-0

[Event "2. Bundesliga Ost 2017/2018"]
[Site "alle Wien"]
[Date "2018.01.13"]
[Round "6"]
[Board "6"]
[White "Peyrer, Konstantin"]
[Black "Newrkla, Katharina"]
[Result "1-0"]
[WhiteElo "2133"]
[BlackElo "2168"]
[PlyCount "71"]
[EventDate "2017.10.21"]
[EventType "team"]
[EventRounds "11"]
[EventCountry "AUT"]
[WhiteTeam "L.A. Kraftanlage Ottakring 2"]
[BlackTeam "SK Austria"]

1. d4 Nf6 2. Nf3 g6 3. g3 Bg7 4. Bg2 O-O 5. O-O d6 6. c3 Nbd7 7. Nbd2 c5 8. b3
Rb8 9. Bb2 b5 10. e4 Qc7 11. Qe2 e5 12. Rac1 Re8 13. dxe5 dxe5 14. Rfd1 Rb6 15.
c4 b4 16. Nf1 Bb7 17. N3d2 a5 18. Ne3 Bh6 19. Nd5 Nxd5 20. exd5 Ra6 21. Rc2 a4
22. Bc1 f5 23. Nf3 Bxc1 24. Rcxc1 Qd8 25. Qe3 axb3 26. axb3 Qf6 27. Ng5 Rc8 28.
Ne6 Ra5 29. Ra1 Rca8 30. Rxa5 Rxa5 31. h4 e4 32. Qf4 Ra1 33. Rxa1 Qxa1+ 34. Kh2
Qf6 35. Qc7 Ne5 36. Qb8+  1-0

[Event "2. Bundesliga Ost 2017/2018"]
[Site "alle Wien"]
[Date "2018.01.13"]
[Round "6"]
[Board "1"]
[White "Burlacu, Bogdan"]
[Black "Schroll, Gerhard"]
[Result "1/2-1/2"]
[WhiteElo "2293"]
[BlackElo "2293"]
[PlyCount "52"]
[EventDate "2017.10.21"]
[EventType "team"]
[EventRounds "11"]
[EventCountry "AUT"]
[WhiteTeam "SK Mostarrichi"]
[BlackTeam "ASVOE Mattersburg"]

1. e4 e5 2. Nf3 Nc6 3. Bb5 Nf6 4. d3 d6 5. c3 Bd7 6. O-O g6 7. Nbd2 Bg7 8. d4
O-O 9. dxe5 Nxe5 10. Bxd7 Nxf3+ 11. Nxf3 Qxd7 12. Qb3 a6 13. e5 dxe5 14. Nxe5
Qb5 15. Nf3 Rfe8 16. Bd2 Ne4 17. Be3 Nd6 18. Rae1 Nc4 19. Bc1 Qxb3 20. axb3 Na5
21. b4 Nc4 22. Rxe8+ Rxe8 23. Rd1 Bf6 24. Kf1 Rd8 25. Rxd8+ Bxd8 26. Ke2 Bf6
 1/2-1/2